Normal view
MARC view
Entry Personal Name
001 - CONTROL NUMBER
- control field: 8068
003 - CONTROL NUMBER IDENTIFIER
- control field: PK-LaUMT
005 - DATE AND TIME OF LATEST TRANSACTION
- control field: 20251125110847.0
008 - FIXED-LENGTH DATA ELEMENTS
- fixed length control field: 251125|| aca||aabn | a|a d
040 ## - CATALOGING SOURCE
- Original cataloging agency: PK-LaUMT
- Transcribing agency: PK-LaUMT
100 ## - HEADING--PERSONAL NAME
- Personal name: Papanicolaou, Andrew C
670 ## - SOURCE DATA FOUND
- Source citation: Work cat.: (PK-LaUMT)139235: Papanicolaou, Andrew C., Clinical magneto-encephalography and magnetic source imaging /, 2009
